Statistics for Top 15 Celebrities Born In 1960

Click here to take the quiz!

General Stats

  • This quiz has been taken 115 times
    (75 since last reset)
  • The average score is 7 of 15

Answer Stats

Answer% Correct
Hugh Grant
80%
Sean Penn
73%
Bono
71%
Colin Firth
59%
Tilda Swinton
59%
Antonio Banderas
55%
Julianne Moore
54%
Stanley Tucci
50%
Prince Andrew
36%
Jane Lynch
30%
John F. Kennedy Jr.
29%
Jennifer Grey
18%
Daryll Hannah
14%
RuPaul
14%
Queen Cheryl
7%

Score Distribution

Percentile by Number Answered

Percent of People with Each Score

Your Score History

You have not taken this quiz since the last reset